7 kontynentów w 20 sekund - Statystyki

Ogólne statystyki
  • Ten quiz został rozwiązany 380 razy
  • Średni wynik to 4 z 7
Statystyki odpowiedzi
Liczbą porządkowa Odpowiedź % Poprawnych
6 Europa
92%
1 Azja
84%
4 Ameryka Północna
68%
2 Afryka
67%
3 Ameryka Południowa
61%
5 Antarktyda
26%
7 Australia i Oceania
16%
Nie znaleziono quizów pasujących do podanych kryteriów
Rozkład punktacji
Procent ludzi z każdym wynikiem
Percentyl według liczby udzielonych odpowiedzi
Twoja historia wyników
Nie rozwiązałeś tego quizu